| 000 | 00351 a2200157 4500 | ||
|---|---|---|---|
| 001 | 56769 | ||
| 020 | _a8516004554 | ||
| 040 | _cAnchieta - Pituba | ||
| 100 | _aKupstas, Marcia | ||
| 240 | 1 | 0 |
_aA maldição do silêncio _lpor |
| 245 | 1 | 0 | _aA maldição do silêncio |
| 300 | _a104 | ||
| 362 | 0 | _a1994 | |
| 650 | 4 | _aLiteratura infantil | |
| 942 | _cBK | ||
| 999 |
_c56769 _d56769 |
||